Výskum a vývoj ťažkého lanového systému

Bibliographic Details
Main Author: Jasenský, Ladislav (Author)
Format: Article
Language:Slovak
PhysicalDescription:Obr. 3. Tb. 9.
Subjects:

MARC

LEADER 00000nab a2200000 a 4500
001 vtls000395598
003 SK-MaSNL
005 20260302232348.0
008 111202c1990 xo 0 slo
015 |a SNBRA19rr/mm-uuuuu 
035 |a CL0395722 
040 |a SNKBUCL  |b slo  |c SNKBUCL  |e AACR2 
041 0 |a slo 
044 |a xo  |c SK 
080 |a 625.576:630 34  |2 1981 
080 |a 630 34  |2 1981 
080 |a 656.35  |2 1981 
100 1 |a Jasenský, Ladislav  |4 aut  |9 451115 
245 1 0 |a Výskum a vývoj ťažkého lanového systému  |c Ladislav Jasenský 
300 |b Obr. 3. Tb. 9. 
650 0 7 |a lanovky lesné  |2 snkbucl  |9 298589 
650 0 7 |a systémy lanové  |2 snkbucl  |9 911449 
655 7 |a články zo zborníkov  |2 snkbucl  |9 166140 
773 0 |t Technológia približovania dreva lanovým systémom LS 5-500 a perspektíva využitia v ČSFR  |d Žilina : Dom techniky ČSVTS, 1990  |g S. 3-17 
850 |a Slovenská národná knižnica v Martine  |a MTA001 
852 |a SNK  |b KIS3GCP 
958 |a RK 
992 |a RZB 
999 |c 1542613  |d 1544543